<?xml version='1.0' encoding='UTF-8'?>
  <record xmlns="http://www.loc.gov/MARC21/slim">
    <leader>00000ctm a22000007i 4500</leader>
    <controlfield tag="001">ocn965407716</controlfield>
    <controlfield tag="003">OCoLC</controlfield>
    <controlfield tag="005">20250122092650.9</controlfield>
    <controlfield tag="008">110310q14501500xx            000 0 dum d</controlfield>
    <datafield tag="040" ind1=" " ind2=" ">
      <subfield code="a">QGJ</subfield>
      <subfield code="b">eng</subfield>
      <subfield code="c">QGJ</subfield>
      <subfield code="d">QGJ</subfield>
      <subfield code="d">OCLCL</subfield>
      <subfield code="d">OCLCQ</subfield>
    </datafield>
    <datafield tag="035" ind1=" " ind2=" ">
      <subfield code="a">(OCoLC)965407716</subfield>
    </datafield>
    <datafield tag="245" ind1="0" ind2="0">
      <subfield code="a">[Levens en legenden van heiligen].</subfield>
      <subfield code="f">UBU Hs. 1690 (Hs 8 J 33).</subfield>
    </datafield>
    <datafield tag="260" ind1=" " ind2=" ">
      <subfield code="a">[Northern Netherlands, eastern part: Salland, Twente, Guelders (Cleves)],</subfield>
      <subfield code="c">[1450-1500]</subfield>
    </datafield>
    <datafield tag="300" ind1=" " ind2=" ">
      <subfield code="a">227 fols ;</subfield>
      <subfield code="c">190 x 123 (148 x 90) mm.</subfield>
    </datafield>
    <datafield tag="336" ind1=" " ind2=" ">
      <subfield code="a">text</subfield>
      <subfield code="b">txt</subfield>
      <subfield code="2">rdacontent</subfield>
    </datafield>
    <datafield tag="337" ind1=" " ind2=" ">
      <subfield code="a">unmediated</subfield>
      <subfield code="b">n</subfield>
      <subfield code="2">rdamedia</subfield>
    </datafield>
    <datafield tag="338" ind1=" " ind2=" ">
      <subfield code="a">volume</subfield>
      <subfield code="b">nc</subfield>
      <subfield code="2">rdacarrier</subfield>
    </datafield>
    <datafield tag="340" ind1=" " ind2=" ">
      <subfield code="a">paper</subfield>
      <subfield code="k">2 columns, 27 lines each, littera hybrida.</subfield>
    </datafield>
    <datafield tag="500" ind1=" " ind2=" ">
      <subfield code="a">Fols. 29r-30v, 178r-v blank.</subfield>
    </datafield>
    <datafield tag="500" ind1=" " ind2=" ">
      <subfield code="a">Localisation based on dialect.</subfield>
    </datafield>
    <datafield tag="505" ind1="0" ind2=" ">
      <subfield code="a">[1.] Sante Panthalioen (fol. 1r-28v) -- [2.] Dat leven ende pelgrimage des heiligen Brandanus (fol. 31r-67v) -- [3.] Sante Gregorius (fol. 67v-70v) -- [4.] Albyn (fol. 71r-77r) -- [5.] Sunte Eliphius (fol. 77v-80r) -- [6.] Heilige Severinus (fol. 80v-96r) -- [7.] Sancte Elsearius (fol. 96r-124r) -- [8.] Sunte Thomas van Aquinen (fol. 124r-139v) -- [9.] Sante Marcialis (fol. 140r-171r) -- [10.] Sancte Columba (fol. 171v-177v) -- [11.] Sunte Jost (fol. 179r-189r) -- [12.] Eusebius, Vyncentius, Peregrinus, Poncianus, Julius (fol. 189r-194r) -- [13.] Die legende der vier gecroender martelaers (fol. 194r-200v) -- [14.] Sunte Eustachius (fol. 200v-207v) -- [15.] Sunte Basilius (fol. 207v-214r) -- [16.] Eucharius, Valerius, Maternus (fol. 214r-218r) -- [17.] Sunte Johannes de Almoesenier (fol. 218r-223v) -- [18.] Sancte Brigeda (fol. 222r-227v)</subfield>
    </datafield>
    <datafield tag="530" ind1=" " ind2=" ">
      <subfield code="3">Fols. 1r-67v (Panthalioen and Brandanus):</subfield>
      <subfield code="a">also available in printed edition:</subfield>
      <subfield code="b">Levens en legenden van heiligen / naar het Utrechtsche handschrift [uitg.] door H. E. Moltzer. - Groningen : Wolters, 1891.</subfield>
    </datafield>
    <datafield tag="524" ind1=" " ind2=" ">
      <subfield code="a">Cite as: Universiteitsbibliotheek Utrecht Hs. 1690 (Hs 8 J 33).</subfield>
    </datafield>
    <datafield tag="563" ind1=" " ind2=" ">
      <subfield code="a">Modern binding (2003).</subfield>
    </datafield>
    <datafield tag="581" ind1=" " ind2=" ">
      <subfield code="a">[A. Hulshof], Catalogus codicum manu scriptorum Bibliothecae Universitatis Rheno-Traiectinae. II. Traiecti ad Rhenum 1909. P. 130.</subfield>
    </datafield>
    <datafield tag="581" ind1=" " ind2=" ">
      <subfield code="a">E. Verwijs, J. Verdam &amp; F.A. Stoett, Middelnederlandsch woordenboek 10. Tekstcritiek ... en bouwstoffen ... 's-Gravenhage 1927-1941. Bouwstoffen 580.</subfield>
    </datafield>
    <datafield tag="581" ind1=" " ind2=" ">
      <subfield code="a">J. Deschamps, Middelnederlandse handschriften uit Europese en Amerikaanse bibliotheken. Tentoonstelling ter gelegenheid van het honderdjarig bestaan van de Koninklijke Zuidnederlandse Maatschappij voor Taal- en Letterkunde en Geschiedenis. Leiden 1972. Tweede herziene druk. P 201, 203.</subfield>
    </datafield>
    <datafield tag="581" ind1=" " ind2=" ">
      <subfield code="a">W.P.Gerritsen, D. Edel &amp; M. de Kreek, De wereld van Sint Brandaan. Utrecht 1986. afb. 15 (fol. 31r).</subfield>
    </datafield>
    <datafield tag="581" ind1=" " ind2=" ">
      <subfield code="a">W. Williams-Krapp, Die deutschen und niederländischen Legendare des Mittelalters. Studien zu ihrer Überlieferungs-, Text-, und Wirkungsgeschichte. Tübingen 1986. (= Texte und Textgeschichte 20). p. 172, 387, 396, 399f., 405-407, 409, 417, 421f., 428, 440, 459, 465, 468.</subfield>
    </datafield>
    <datafield tag="581" ind1=" " ind2=" ">
      <subfield code="a">Brandaan, een heilige zwerver. Samenst. en vert. L. Jongen, red.: F. Smink. Amsterdam 1994. (= Bulkboek special) P. 18-19 (illustraties), 47.</subfield>
    </datafield>
    <datafield tag="583" ind1=" " ind2=" ">
      <subfield code="a">Restauration report available.</subfield>
    </datafield>
    <datafield tag="541" ind1=" " ind2=" ">
      <subfield code="a">J. D. Pasteur;</subfield>
      <subfield code="b">Doetinchem;</subfield>
      <subfield code="c">Purchase;</subfield>
      <subfield code="d">c. 1900.</subfield>
      <subfield code="5">NL-UtRU</subfield>
    </datafield>
    <datafield tag="655" ind1=" " ind2="7">
      <subfield code="a">Handschriften (vorm)</subfield>
      <subfield code="0">(NL-LeOCL)088143309.</subfield>
      <subfield code="2">gtt</subfield>
    </datafield>
    <datafield tag="700" ind1="1" ind2=" ">
      <subfield code="a">Pasteur, J. D.,</subfield>
      <subfield code="e">former owner.</subfield>
      <subfield code="4">fmo</subfield>
      <subfield code="5">NL-UtRU</subfield>
    </datafield>
    <datafield tag="758" ind1=" " ind2=" ">
      <subfield code="i">has work:</subfield>
      <subfield code="a">[Levens en legenden van heiligen] UBU Hs. 1690 (Hs 8 J 33) (Text)</subfield>
      <subfield code="1">https://id.oclc.org/worldcat/entity/E39PCYgfr3Dfp3DpK94M3YcJQq</subfield>
      <subfield code="4">https://id.oclc.org/worldcat/ontology/hasWork</subfield>
    </datafield>
    <datafield tag="856" ind1="4" ind2="1">
      <subfield code="u">http://objects.library.uu.nl/reader/resolver.php?obj=002338170&amp;type=2</subfield>
      <subfield code="x">Online</subfield>
      <subfield code="z">Full text</subfield>
    </datafield>
    <datafield tag="936" ind1=" " ind2=" ">
      <subfield code="a">BATCHLOAD</subfield>
    </datafield>
  </record>